000
00239nam a2200097Ia 4500
001
714618
005
20250826162909.0
008
250824s9999 xx 000 0 und d
245
0
_a
BU HAYAT SİZİN
_c
İPEK ONGUN
260
_b
ARTEMİS YAYINLARI
999
_c
714618
_d
714618